La preparación del director (Record no. 154703)
[ view plain ]
| 000 -LEADER | |
|---|---|
| fixed length control field | 00746nam a22002177a 4500 |
| 005 - DATE AND TIME OF LATEST TRANSACTION | |
| control field | 20210310111949.0 |
| 008 - FIXED-LENGTH DATA ELEMENTS--GENERAL INFORMATION | |
| fixed length control field | 200302b sp ||||| |||| 00| 0 spa d |
| 020 ## - INTERNATIONAL STANDARD BOOK NUMBER | |
| International Standard Book Number | 9788484283874 |
| 050 04 - LIBRARY OF CONGRESS CALL NUMBER | |
| Classification number | PN2053 |
| Item number | B64 2017 |
| 100 1# - MAIN ENTRY--PERSONAL NAME | |
| Personal name | Bogart, Anne |
| 240 ## - UNIFORM TITLE | |
| Uniform title | A director prepares. Seven essays on art and theatre |
| Language of a work | Español |
| 245 13 - TITLE STATEMENT | |
| Title | La preparación del director |
| Remainder of title | : Siete ensayos sobre teatro |
| Statement of responsibility, etc | / Anne Bogart; traducción David Luque |
| 250 ## - EDITION STATEMENT | |
| Edition statement | 3a ed. |
| 260 ## - PUBLICATION, DISTRIBUTION, ETC. (IMPRINT) | |
| Place of publication, distribution, etc | Barcelona, España : |
| Name of publisher, distributor, etc | Alba, |
| Date of publication, distribution, etc | 2017 |
| 300 ## - PHYSICAL DESCRIPTION | |
| Extent | 165 p. ; |
| Dimensions | 21 cm. |
| 490 0# - SERIES STATEMENT | |
| Series statement | Artes escénicas |
| 650 #7 - SUBJECT ADDED ENTRY--TOPICAL TERM | |
| Source of heading or term | lemb |
| Topical term or geographic name as entry element | Teatro |
| General subdivision | Producción y dirección |
| 650 #4 - SUBJECT ADDED ENTRY--TOPICAL TERM | |
| Topical term or geographic name as entry element | Creación (Literaria, artística, etc.) |
| 700 1# - ADDED ENTRY--PERSONAL NAME | |
| Personal name | Luque, David, |
| Relator term | Traductor |
| 942 ## - ADDED ENTRY ELEMENTS (KOHA) | |
| Source of classification or shelving scheme | Biblioteca del Cogreso de los Estados Unidos |
| Koha item type | Libro |
| Estado de pérdida | Fuente de clasificación | Estado del daño | No para préstamo | Ubicación permanente | Ubicación actual | Apartado o colección | Fecha de adquisición | Fuente de adquisición | Edición | Área del conocimiento | Clasificación | Código de Barras | Date last seen | Número de copia | Costo por reposición | Tipo de recurso |
|---|---|---|---|---|---|---|---|---|---|---|---|---|---|---|---|---|
| Biblioteca del Cogreso de los Estados Unidos | Biblioteca de la Facultad de Bellas Artes | Biblioteca de la Facultad de Bellas Artes | General | 02/03/2020 | Programa de Fortalecimiento de la Calidad Educativa 2018 | 3a ed. | Educación y Humanidades | PN2053 B64 2017 | BBA000002588 | 02/03/2020 | 1 | 435.00 | Libro |